000 00412nam a2200145Ia 4500
008 230917s9999||||xx |||||||||||||| ||und||
040 _e151041
_aMAIN
041 _aEnglish
082 _a005.1 G41S
100 _aGill, Nasib Singh
245 0 _aSoftware engineering: Software reliablity , testing and quality assurance
260 _aNew Delhi
_bKhanna Book Publishing
_c2009
300 _a622 p.
942 _cBK
999 _c142920
_d142920